Tous les candidats de Défis Extrêmes Saison 1-7 - Statistiques

Statistiques générales
  • Ce quiz a été pris 370 fois
  • Le résultat moyen est 84 sur 131
Statistiques - réponses
Indice Réponse % Correct
Saison 1 | Saison 2 | Saison 3 | Saison 5 Hugo
97%
Saison 4 | Saison 5 Jo
97%
Saison 1 | Saison 2 | Saison 3 | Saison 7 Gontran
96%
Saison 1 | Saison 2 | Saison 3 | Saison 5 Audrey
92%
Saison 1 | Saison 2 | Saison 3 | Saison 5 Joëlle
91%
Saison 1 | Saison 2 | Saison 3 | Saison 5 Marilou
90%
Saison 2 | Saison 3 | Saison 5 Tania
90%
Saison 1 Dj
88%
Saison 2 | Saison 3 DJ
88%
Saison 1 | Saison 2 | Saison 7 JF
88%
Saison 1 | Saison 3 Ezekiel
87%
Saison 1 | Saison 2 | Saison 3 Brigitte
86%
Saison 1 | Saison 3 Jordy
86%
Saison 1 | Saison 3 | Saison 7 Lucas
86%
Saison 1 | Saison 3 Simon
86%
Saison 3 | Saison 5 Alejandro
85%
Saison 4 | Saison 5 Zoé
83%
Saison 1 Eva
82%
Saison 1 | Saison 2 | Saison 3 Harold
82%
Saison 1 | Saison 2 Loïc
82%
Saison 1 | Saison 2 Justin
80%
Saison 4 | Saison 5 Mickaël
80%
Saison 1 | Saison 2 | Saison 3 Leshawna
79%
Saison 4 | Saison 5 Corentin
78%
Saison 1 Sandrine
78%
Saison 1 | Saison 2 Berthe
77%
Saison 1 | Saison 2 | Saison 3 Edith
77%
Saison 4 | Saison 5 Flashman
77%
Saison 3 | Saison 5 Sarah-Laurie
74%
Saison 4 | Saison 5 Scott
72%
Saison 1 Katrine
71%
Saison 4 | Saison 5 Sam
69%
Saison 3 Bérangère
65%
Saison 4 Océane
62%
Saison 4 Kimberly
61%
Saison 4 Pat
60%
Saison 6 Jasmine
59%
Saison 4 Boris
58%
Saison 4 Esmeralda
55%
Saison 4 Charlotte
52%
Saison 6 | Saison 7 Balthazar
48%
Saison 6 Max
48%
Saison 6 Igor
47%
Saison 6 Cheyen
46%
Saison 7 Emma
46%
Saison 6 Sophie
46%
Saison 6 David
45%
Saison 6 Sophia
45%
Saison 6 Aurore
44%
Saison 7 Marie
44%
Saison 6 Arlette
39%
Saison 7 Lola
37%
Saison 6 Cynthia
34%
Saison 7 Marguerite
34%
Saison 7 Axel
32%
Saison 6 Eugêne
32%
Saison 7 Marina
32%
Saison 7 Sandra
32%
Saison 7 Ludo
31%
Saison 7 Julien
30%
Saison 6 Octave
30%
Saison 7 Stéphanie
29%
Saison 7 Arsenic
28%
Saison 7 Carine
28%
Saison 7 Ritchie
28%
Saison 7 Macabelle
26%
Saison 7 Ryan
26%
Saison 7 Mathias
25%
Saison 7 Roger
25%
Saison 7 Tom
24%
Saison 7 Jennifer
21%
Saison 7 Mathis
21%
Saison 7 Patrick
21%
Saison 7 Vicky
21%
Saison 7 Elodie
20%
Saison 7 Lorenzo
19%
Saison 7 Samantha
19%
Saison 7 Ambre
17%
Saison 6 Carlhson
17%
Saison 7 Chips
17%
Saison 7 Gérard
17%
Saison 7 Gina
16%
Saison 7 Liam
15%
Saison 7 Rose
15%
Saison 7 Larsen
14%
Aucun quiz correspondant
Distribution des résultats
% des personnes avec chaque résultat
Percentile par nombre de réponses
Votre historique - résultats
Vous n’avez pas pris ce quiz